| 000 | 00700nam a2200217 i 4500 | ||
|---|---|---|---|
| 001 | 13988 | ||
| 003 | ES-MaACL | ||
| 005 | 20230906150714.0 | ||
| 007 | t| | ||
| 008 | 980826s1992 sp |||| | spa d | ||
| 020 | _a84-88321-01-5 | ||
| 080 | _a821.134.2-14"19" | ||
| 100 | 1 |
_aLuján Atienza, Angel Luis. _974708 |
|
| 245 | 1 | 0 |
_aInútiles lamentos (y otros poemas) / _cÁngel Luis Luján Atienza. |
| 260 |
_aMadrid : _bFacultad de Filología, Universidad Complutense, _c[1992] |
||
| 300 |
_a29 p. ; _c21 cm. |
||
| 490 | 1 | _aColección Blas de Otero | |
| 830 | 0 |
_aColección Blas de Otero _9184868 |
|
| 852 |
_aES-MaACL _j2153-F-2 _z. - Dedicatoria autógrafa del autor |
||
| 999 |
_c13988 _d13988 |
||